000 00684nam a2200253 a 4500
001 nice12345678
003 IN_TiNIC
005 20260116013340.0
008 050524s1994 amsa grp 000 0 eng
020 _a9053830
_c100
082 0 0 _a954.9
_bVER
100 _aVerkaaik, Oskar
245 _aPeople of Migrants
_b Thnicity, State and Religion in Karachi
260 _aAmsterdam
_bCentre for Asian Studies
_c1994
300 _a89p
500 _aincludes index and biblioraphy
505 2 _aNotes, References
650 _aPakistan-Ethnic Violence
650 _aViolence-Pakistan
700 1 _aVerkaaik, Oskar
902 _bSRS
942 _cBK
999 _c10656
_d10656